000 01044nam a2200265 i 4500
001 169112
003 ES-MaACL
005 20250812062537.0
008 080818s1955 sp f |0|1 0 spa d
080 _a330.11
080 _a338.2
100 1 _aVieira Barbosa, Daniel-María de.
_9138184
245 1 0 _aLeyes económicas, características sociales y sistemas de gobierno en nuestro tiempo /
_cDaniel-María de Vieira Barbosa.
260 _aMadrid :
_bAteneo,
_c1955.
300 _a45 p. :
_b1 lám. ;
_c19 cm.
490 1 _aColección "O crece o muere" ;
_v85
500 _aEl original fue dado a conocer por el autor en el Ateneo de Madrid dentro del ciclo "Tendencias actuales del pensamiento europeo", el día 11 de marzo de 1955.
610 2 7 _aAteneo de Madrid-
_vConferencias-
_y1940-1982.
_91908
650 0 7 _aEconomía
_2embne
_912006
650 0 4 _aPolítica económica.
_916293
830 1 0 _aColección "O crece o muere"
_v85
_9183476
852 _aES-MaACL
_jJ-24(85)
852 _aES-MaACL
_jJ-25(85)
999 _c169112
_d169112